LEADER 00841nam0-22002891i-450- 001 990002401990403321 005 20051017164501.0 035 $a000240199 035 $aFED01000240199 035 $a(Aleph)000240199FED01 035 $a000240199 100 $a20030910d--------km-y0itay50------ba 101 0 $aita 200 1 $aAggiornamenti di biochimica dei tessuti$fa cura di C. M. Caldarera. 210 $aBologna$cEsculapio$d1984. 215 $a189 p.$cill. , 25 cm 610 0 $aTessuti [istologia] 610 0 $aBiochimica 676 $a574.8 (ed. 11 rid. it.) 700 1$aCaldarera,$bClaudio Marcello$0100843 801 0$aIT$bUNINA$gRICA$2UNIMARC 901 $aBK 912 $a990002401990403321 952 $a90 C 1A 36$b633$fFMEBC 959 $aFMEBC 996 $aAggiornamenti di biochimica dei tessuti$9440611 997 $aUNINA LEADER 01413nam a2200337 i 4500 001 991001169889707536 005 20020507184529.0 008 010124s1999 us ||| | eng 020 $a0821820303 035 $ab10810468-39ule_inst 035 $aLE01308140$9ExL 040 $aDip.to Matematica$beng 082 0 $a515.9 084 $aAMS 30F35 084 $aLC QA353.A9H33 100 1 $aHadamard, Jacques$041153 245 10$aNon-Euclidean geometry in the theory of automorphic functions /$cJacques Hadamard ; Jeremy J. Gray and Abe Shenitzer, editors ; translated by Abe Shenitzer ; with historical introduction by Jeremy J. Gray 260 $aProvidence, R.I. :$bAmerican Mathematical Society ; [London] : London Mathematical Society,$cc1999 300 $axii, 95 p. :$bill. ;$c26 cm 490 0 $aHistory of mathematics, ISSN 08992428 ;$v17 500 $aIncludes bibliographical references (p. 93-95) 650 0$aAutomorphic functions 650 0$aNon-Euclidean geometry 700 1 $aShenitzer, Abe 700 1 $aGray, Jeremy J. 907 $a.b10810468$b23-02-17$c28-06-02 912 $a991001169889707536 945 $aLE013 30F HAD11 (1999)$g1$i2013000125237$lle013$o-$pE0.00$q-$rl$s- $t0$u0$v0$w0$x0$y.i1091576x$z28-06-02 996 $aNon-Euclidean geometry in the theory of automorphic functions$9924952 997 $aUNISALENTO 998 $ale013$b01-01-01$cm$da $e-$feng$gus $h0$i1